| 000 | 00578nam a2200229Ia 4500 | ||
|---|---|---|---|
| 003 | AR-RoIUNI | ||
| 005 | 20190211145129.0 | ||
| 008 | 150616s9999 xx 000 0 und d | ||
| 020 | _a950060762X | ||
| 040 | _cIUNIR | ||
| 040 |
_dOCLC _cIUNIR |
||
| 080 | _a616.5 DER | ||
| 245 | 1 |
_aDermatología en Medicina General _cThomas B. Fitzpatrick... [et. al.] _nTomo 3 |
|
| 250 | _a3a. ed. | ||
| 260 | _aBuenos Aires | ||
| 260 | _bMédica Panamericana | ||
| 260 | _c1993 | ||
| 300 | _a2051 - 3004 p. | ||
| 300 | _c28 cm. | ||
| 650 | 1 | 0 |
_9313 _aDermatología |
| 942 |
_cBK _2cdu |
||
| 999 |
_c4312 _d4312 |
||